000 00476nam a2200181Ia 4500
003 STCL
008 181203s9999 xx 000 0 und d
020 _a9780000192073
040 _aSTCL
_bEN
_cSTCL
082 _222
100 _aBalakrishnan, K
245 0 _aമാർക്സിന്റെ വീട്
246 _aMarxinte Veedu
260 _bSahithya Pravarthaka Co-Operative Society
_aKottayam
_c2012
300 _a108
546 _aMalayalam
942 _2ddc
_cBK
999 _c85618
_d85618